Т. 56, вып. 7; Известия вузов. Химия и химическая технология

Dettagli Bibliografici
Parent link:Известия вузов. Химия и химическая технология: научно-технический журнал/ Министерство образования и науки Российской Федерации. Т. 56, вып. 7.— , 1958-
Lingua:russo
Pubblicazione: 2013
Natura: MixedMaterials Libro
KOHA link:https://koha.lib.tpu.ru/cgi-bin/koha/opac-detail.pl?biblionumber=517931

MARC

LEADER 00000nam2a2200000 4500
001 517931
005 20231101105757.0
035 |a (RuTPU)RU\TPU\prd\196263 
090 |a 517931 
100 |a 20130924a19589999k y0rusy50 ca 
101 0 |a rus 
102 |a RU 
200 0 |a Т. 56, вып. 7 
210 |d 2013 
461 1 |0 (RuTPU)RU\TPU\prd\192  |t Известия вузов. Химия и химическая технология  |o научно-технический журнал  |f Министерство образования и науки Российской Федерации  |v Т. 56, вып. 7  |d 1958- 
801 0 |a RU  |b 63413507  |c 20010227  |g PSBO 
801 1 |a RU  |b 63413507  |c 20130924 
801 2 |a RU  |b 63413507  |c 20230504  |g RCR 
942 |c BK 
999 |a НТБ_ТПУ  |b НФ  |e -1/20130109  |p П-6307ж  |s 3/20130508  |u 0,00  |v 1